Κατερίνα Δέτση.
Αποθηκεύτηκε σε:
| Κύριος συγγραφέας: | |
|---|---|
| Μορφή: | Βιβλίο |
| Γλώσσα: | Greek |
| Δημοσίευση: |
[Χ. τ. :
χ. ό.],
1990.
|
| Θέματα: | |
| Ετικέτες: |
Προσθήκη ετικέτας
Δεν υπάρχουν, Καταχωρήστε ετικέτα πρώτοι!
|
MARC
| LEADER | 00000cam a2200000 a 4500 | ||
|---|---|---|---|
| 001 | 1/111442 | ||
| 008 | 160729s1990####gr | ||| |||| ||gre|| | ||
| 040 | |a GR-MyUa |b gre |c GR-MyUa |e AACR2 | ||
| 041 | 0 | |a gre |a gre | |
| 082 | 7 | |a 700.92 |2 (23) | |
| 100 | 1 | |a Δέτση, Κατερίνα. | |
| 245 | 1 | 0 | |a Κατερίνα Δέτση. |
| 260 | |a [Χ. τ. : |b χ. ό.], |c 1990. | ||
| 300 | |a [6] φύλλα : |b εικ. ; |c 28 εκ. | ||
| 500 | |a Κατάλογος έκθεσης: Καλλιτεχνικό Πνευματικό Κέντρο "Ώρα", Οκτ 1990. | ||
| 600 | 1 | 7 | |2 nlgaf |a Δέτση, Κατερίνα |v Exhibitions. |
| 852 | |a INST |b SYROS |e 20160729 |h 700.92 ΔΕΤ |p 005500012696 |q 005500012696 |t BK |y 0 | ||
| 970 | |a Κοντού |b Παρασκευή |z 29/07/2016 | ||